| 000 | 00640nas a2200229Ia 4500 | ||
|---|---|---|---|
| 001 | A09/R117-15604 [r000013909] | ||
| 003 | IT-MiCISF | ||
| 005 | 20230303113750.0 | ||
| 008 | 161014c99999999xx |||||||||||| ||und|| | ||
| 040 |
_aIT-MiCISF _cIT-MiCISF |
||
| 041 | _aitaliano | ||
| 100 |
_aGiarola Arturo _959459 |
||
| 245 | 0 | _aUn figlio ad ogni costo ovverossia la fertilizzazione extracorporea | |
| 250 | _a"Riflessi", n. 2, aprile-maggio-giugno | ||
| 260 | _c1983 | ||
| 300 | _app. 77-86 | ||
| 500 | _aprocreazione-artificiale, storia | ||
| 650 |
_aProcreazione _956309 |
||
| 654 | _aarticolo | ||
| 942 |
_cCR _2ddc |
||
| 999 |
_c232926 _d232926 |
||
| 999 | _bSi | ||